书目信息 |
| 书名: | Kinoglasnost | |
| 作者: | Anna Lawton. | |
| 分册号: | ||
| 分册名: | 出版地: | Cambridge ; |
|
| 出版社: | Cambridge University Press | |
| 出版时间: | c1992. | |
| 页数: | xvi, 288 p. : | |
| 开本: | 23 cm. | |
| 丛书名: | Cambridge Soviet paperbacks | |
| 中图分类号: | ||
| 科图分类号: | ||
| 其他分类号: | D751.2 | |
| 主题词: | ||
| 电子资源: | http://www.loc.gov/catdir/description/cam024/91043582.html http://www.loc.gov/catdir/toc/cam024/91043582.html | |
| 000 | 01363pam a2200349 a 450 | |
| 001 | E0740357667 | |
| 005 | 20070505111730.15 | |
| 008 | 911113s1992 enka b 001 0 eng | |
| 010 | @a91043582 | |
| 020 | @a0521381177. | |
| 020 | @a0521388147 (pbk.). | |
| 035 | @A(DLC) 91043582 | |
| 040 | @aDLC@cDLC@dDLC | |
| 043 | @ae-ur--- | |
| 050 | 00 | @aPN1993.5.R9@bL36 1992 |
| 082 | 00 | @a791.43/0947@2 20 |
| 090 | @aD751.2 | |
| 099 | @dD751.2@ex75 | |
| 100 | 1 | @aLawton, Anna@q(Anna M.) |
| 245 | 10 | @aKinoglasnost :@bSoviet cinema in our time / @cAnna Lawton. |
| 260 | @aCambridge ;@aNew York :@bCambridge University Press,@cc1992. | |
| 300 | @axvi, 288 p. :@bill. ;@c23 cm. | |
| 440 | 0 | @aCambridge Soviet paperbacks ;@v9 |
| 500 | @aFilmography: p. 270-278. | |
| 504 | @aIncludes bibliographical references (p. 262-269) and index. | |
| 650 | 0 | @aMotion pictures@zSoviet Union. |
| 650 | 0 | @aMotion picture industry@zSoviet Union. |
| 856 | 42 | @3 Publisher description@uhttp://www.loc.gov/catdir/description/cam024/91043582.html |
| 856 | 41 | @3 Table of contents@uhttp://www.loc.gov/catdir/toc/cam024/91043582.html |
| 906 | @a7@bcbc@corignew@d1@eocip@f19@gy-gencatlg | |
| 955 | @apc01 to ea00 11-13-91; ea08 to SCD 11-16-91; fd08 11-18-91; fq21 11-25-91; CIP ver. jc09 01-21-93 | |
| 991 | @bc-GenColl@hPN1993.5.R9@iL36 1992@tCopy 1@wBOOKS | |
| Kinoglasnost : : Soviet cinema in our time / / Anna Lawton.-Cambridge ; ; New York : : Cambridge University Press, , c1992. |
| xvi, 288 p. : : ill. ; ; 23 cm.- (Cambridge Soviet paperbacks ; 9 ) |
| Filmography: p. 270-278.-Includes bibliographical references (p. 262-269) and index. |
| ISBN 0521381177. |
| ● |
| 相关链接 |
|
|
|
|
正题名:Kinoglasnost
索取号:D751.2/x75
 
预约/预借
| 序号 | 登录号 | 条形码 | 馆藏地/架位号 | 状态 | 备注 |
| 1 | 0006850 | 300068502 | 第二样本阅览室/ [索取号:D751.2/x75] | 在馆 |